000 00673nam a2200253Ia 4500
005 20260121155034.0
008 008 260114s9999 xx 000 0 eng d
020 _a9781003054214
037 _aEBOOK
040 _aCRL
040 _beng
040 _cCRL
041 _2eng
041 _aeng
084 _qCRL
100 _a Aki Mikkola; Juhani Ukko; Minna Saunila; Janne Heikkinen; R.Scott Semken
_91014603
245 0 _aReal-time Simulation for Sustainable Production
260 _bTaylor and Francis
260 _c2021
856 _uhttp://www.taylorfrancis.com/books/9781003054214
942 _cEBOOK
999 _c1581422
_d1581422